000 00557nam a2200229 a 4500
001 0001-1413
003 ELIB.Books
008 160805 2010 eng
020 _aKBTS
035 _a(ELIB.Books)0001-1568
092 _a242
_bHB
100 _aHonor Books, Inc.
245 _aCoffee Break with God
260 _aTulsa, Oklahoma
_bHonor Books, Inc.
_c1996
300 _a201
_c18.5 Cm
650 _aDevotional
856 _nKBTS Library
_uKBTS: ELIB
942 _2ddc
_cBK
990 _a1
998 _cbat
_e2016-08-05
999 _c11413
_d11413